[Event "ROM-ch U14"]
[Site "Calimanesti"]
[Date "2015.04.06"]
[Round "9"]
[White "Cristea, Aurelian Gabriel"]
[Black "Axin, Andrei"]
[Result "1/2-1/2"]
[WhiteElo "1279"]
[BlackElo "1687"]
[PlyCount "112"]
[EventDate "2015.03.30"]
[EventType "swiss"]
[EventRounds "9"]
[EventCountry "ROU"]
[SourceTitle "EXT 2016"]
[Source "ChessBase"]
[SourceDate "2015.10.08"]
[SourceVersion "1"]
[SourceVersionDate "2015.10.08"]
[SourceQuality "1"]

1. e4 c5 2. Nc3 d6 3. Bc4 Nf6 4. d3 Nc6 5. f4 g6 6. Nf3 Bg7 7. 0-0 0-0 8. Qe1 a6 9. Nd5 b5 10. Nxf6+ Bxf6 11. Bd5 Bb7 12. Qg3 e6 13. Bxc6 Bxc6 14. Qh3 Bd7 15. Qh6 Bg7 16. Qh4 Qxh4 17. Nxh4 f5 18. exf5 exf5 19. c3 Rfe8 20. Bd2 Re2 21. Rad1 Rae8 22. Rfe1 Rxe1+ 23. Rxe1 Rxe1+ 24. Bxe1 Bc6 25. g3 a5 26. Ng2 b4 27. Kf2 Bd5 28. c4 Bxg2 29. Kxg2 Bxb2 30. Kf2 Kf7 31. Ke2 Ke6 32. Kd2 d5 33. Kc2 Bd4 34. Kb3 dxc4+ 35. dxc4 Kf6 36. h4 h6 37. Ka4 g5 38. h5 gxf4 39. gxf4 Be3 40. Bg3 Bd2 41. Kb5 Ke6 42. Bh2 Kd6 43. Bg3 Kc7 44. Bh2 Kb7 45. Bg3 Kc7 46. Bh2 Kd6 47. Bg3 Ke6 48. Bh2 Kf6 49. Bg3 Ke7 50. Bh2 Kd7 51. Bg3 Kc8 52. Bh2 Kb7 53. Bg3 Kc8 54. Bh2 Kd7 55. Bg3 Ke6 56. Bh2 Kf6 1/2-1/2

[Event "ROM-ch U12"]
[Site "Calimanesti"]
[Date "2014.04.12"]
[Round "8"]
[White "Cristea, Aurelian Gabriel"]
[Black "Necsoiu Toader, Alexandru"]
[Result "1-0"]
[WhiteElo "1119"]
[BlackElo "1001"]
[PlyCount "45"]
[EventDate "2014.04.06"]
[EventType "swiss"]
[EventRounds "9"]
[EventCountry "ROU"]
[SourceTitle "CBM 160 Extra"]
[Source "ChessBase"]
[SourceDate "2014.07.01"]
[SourceVersion "1"]
[SourceVersionDate "2014.07.01"]
[SourceQuality "1"]

1. e4 g6 2. d4 Bg7 3. Nc3 d6 4. Be3 Nc6 5. f3 Nf6 6. Nge2 e5 7. Qd2 exd4 8. Nxd4 Nxd4 9. Qxd4 0-0 10. 0-0-0 Nh5 11. Qd2 Nf6 12. Bh6 Be6 13. Bd3 Rc8 14. h4 Bxh6 15. Qxh6 d5 16. exd5 Nxd5 17. h5 Nxc3 18. hxg6 Re8 19. g7 Ne2+ 20. Kb1 f5 21. Qxh7+ Kf7 22. g8Q+ Kf6 23. Qgg7# 1-0

[Event "ROM-ch U12"]
[Site "Calimanesti"]
[Date "2014.04.09"]
[Round "5"]
[White "Cristea, Aurelian Gabriel"]
[Black "Borlea, Bogdan Andrei"]
[Result "1/2-1/2"]
[WhiteElo "1119"]
[BlackElo "1001"]
[PlyCount "114"]
[EventDate "2014.04.06"]
[EventType "swiss"]
[EventRounds "9"]
[EventCountry "ROU"]
[SourceTitle "CBM 160 Extra"]
[Source "ChessBase"]
[SourceDate "2014.07.01"]
[SourceVersion "1"]
[SourceVersionDate "2014.07.01"]
[SourceQuality "1"]

1. e4 e5 2. Nf3 Nc6 3. d4 exd4 4. Nxd4 Nxd4 5. Qxd4 Ne7 6. Nc3 Nc6 7. Qd1 g6 8. Be3 Bg7 9. Qd2 0-0 10. 0-0-0 d6 11. Bc4 a6 12. Bd3 Be6 13. f3 d5 14. exd5 Bxd5 15. Kb1 Be6 16. Bh6 Bxh6 17. Qxh6 Qe7 18. a3 Rfd8 19. h4 Qf8 20. Qg5 b5 21. h5 Bc4 22. Bxc4 bxc4 23. hxg6 fxg6 24. Qh4 Qf7 25. Qe4 Rxd1+ 26. Rxd1 Qf6 27. Qxc4+ Kg7 28. Rd7+ Kh6 29. Qf7 Qxf7 30. Rxf7 Rc8 31. Nd5 Ne5 32. Rxc7 Rxc7 33. Nxc7 a5 34. Kc1 g5 35. Kd2 Kg6 36. Kc3 h5 37. b4 axb4+ 38. axb4 h4 39. b5 Kh5 40. b6 g4 41. fxg4+ Kxg4 42. Nd5 Kg3 43. Ne3 Kf2 44. Nf5 Nd7 45. Nxh4 Nxb6 46. g4 Kg3 47. g5 Kxh4 48. g6 Nd5+ 49. Kd4 Ne7 50. Ke5 Nxg6+ 51. Kd6 Nf4 52. c4 Nd3 53. Kd5 Kg3 54. Kd4 Nb4 55. Ke5 Nd3+ 56. Kd4 Nb4 57. Ke5 Nc6+ 1/2-1/2